00721nam a22001697a 4500003000900000008004100009040007100050082002500121100002700146245006100173260002400234300002800258505022100286650001300507650001700520650001400537AR-CdUCM190521b ||||| |||| 00| 0 spa d aMUNICIPALIDAD PROVINCIAL DEL CUSCOcBIBLIOTECA MUNICIPAL DEL CUSCO a985.052 /bO612ed.2 aDe Orbegoso, Jose Luis aMemorias del gran mariscal Don Luis José de Orbegoso / aLima :bGil,c1939. a164 páginas ;c25 cm. aContenido : Rindiendo justo homenaje al fundador de la beneficencia pública de Lima -- Municipalidad de Trujillo acuerda por unanimidad colocar el salon consistorial el retrato del prócer de la independencia... aHistoria aBiografía  aHomenajes